000 00501nam a2200181Ia 4500
005 20260203122937.0
008 231207s9999 xx 000 0 und d
020 _a9780748728572
040 _cPK-LaNCA
082 _a792
_bPRA
100 _aMackey, Sally(Editor)
245 0 _aPractical theatre
260 _bStanley Thornes Publishers
_aCheltenham, England
_c1997
300 _axiv, 386p
_bill
546 _aEnglish
650 _aTheatre--Practical aspects. Performing arts. FTV.
942 _cF&TV
999 _c26662
_d26662